000 00504cam a22001934a 4500
005 20250605164223.0
008 250528s ||||||||||||||||||||||||d
035 _a20769
020 _a9607019698
040 _aGR-AtMCL
_bgre
_dGR-AtMCL
_eAACR2
245 1 _aΠΕΡΙΓΡΑΦΗ ΚΑΙ ΕΡΜΗΝΕΙΑ ΔΕΔΟΜΕΝΩΝ
250 _a1
260 _bΕλληνικά Γράμματα,
_c1998
300 _a72
700 1 _aMacrae Sandy
_9274
942 _cBK
999 _c5852
_d5852